000 00650nam a2200253Ia 4500
005 20260121160545.0
008 008 260114s9999 xx 000 0 eng d
020 _a9781315590004
037 _aEBOOK
040 _aCRL
040 _beng
040 _cCRL
041 _2eng
041 _aeng
084 _qCRL
100 _a Jasmin Mahadevan; Claude-H‚lŠne Mayer
_91033402
245 0 _aMuslim Minorities, Workplace Diversity and Reflexive HRM
260 _bTaylor and Francis
260 _c2017
856 _uhttp://www.taylorfrancis.com/books/9781315590004
942 _cEBOOK
999 _c1600218
_d1600218